000 00228 a2200097 4500
001 2874
100 _aReeves, J
245 _aEnglish fables and fairy stories
260 _alondon
_bOxford Univ press
_c1956
090 _c2167
_d2167
942 _aNUST-CAE
_cM
_c12969
999 _c237947
_d237947